Trajectory spaces, generalized functions and unbounded operators

Saved in:
Bibliographic Details
Main Author: Eijndhoven, Stephanus. J. L. van 1956-
Other Authors: Graaf, J. de (Johannes) 1942-
Format: Book
Language:English
Published: Berlin ; New York : Springer-Verlag, c1985
Series:Lecture notes in mathematics (Springer-Verlag) ; 1162
Subjects:
Tags: Add Tag
No Tags, Be the first to tag this record!

MARC

LEADER 00000nam a2200000 i 4500
001 1/63446
008 941103s1985 eng d
020 |a 3-540-16065-5 
035 |a 1993  |l 10046790 
040 |a GR-MY-UA  |b gre  |e aacr 
041 0 |a eng 
082 0 |a 515.73 
100 1 |a Eijndhoven, Stephanus. J. L. van  |d 1956- 
245 1 0 |a Trajectory spaces, generalized functions and unbounded operators /  |c S.J.L. van Eijndhoven, J.de Graaf 
260 |a Berlin ; New York :   |b Springer-Verlag,   |c c1985 
300 |a iv, 272 p.;  |c 25 cm. 
490 1 |a Lecture notes in mathematics (Springer-Verlag)  |v ; 1162 
500 |a Includes bibliographical references and index 
650 0 0 |a Linear topological spaces. 
650 0 0 |a Mappings (Mathematics) 
650 0 0 |a Quantum theory. 
700 1 |a Graaf, J. de  |q (Johannes)  |d 1942- 
830 0 |a Lecture notes in mathematics (Springer-Verlag)  |v ; 1162 
852 |a INST  |b SAMOS  |e 19941103  |h 515.73 EIJ  |p 005300008178  |q 005300008178  |t BK  |y 0 
909 |a Σ  |b 029045